| 000 | 00510nam a22001337a 4500 | ||
|---|---|---|---|
| 008 | 180205b xxu||||| |||| 00| 0 eng d | ||
| 100 | _aBermejo, G. | ||
| 245 | _aCouleurs et nuances, timbres de France. Periode classique, 1849-1900 | ||
| 260 |
_aParis _bBrun & Fils (Bruxelles _c1992 |
||
| 650 | _aFrance | 1849-1900 | 19th Century | Classic Issues | Color Guides | Collecting -- Identification | Collecting -- Guides and Handbooks | Color | ||
| 700 | _aBrun, J | ||
| 700 | _aCalves, R. | ||
| 700 | _aRobineau, J. | ||
| 999 |
_c2617 _d2617 |
||